Clic Qui s'embrasse dans l'univers Disney ? - Statistiques

Statistiques générales
  • Ce quiz a été pris 231 fois
  • Le résultat moyen est 20 sur 43
Statistiques - réponses
Hint Réponse % Correct
Jasmine Aladdin
88%
Minnie Mickey
88%
Shang Mulan
87%
Donald Daisy
86%
Aurore Prince Philippe
83%
Eugène Raiponce
82%
Simba Nala
80%
Tiana Prince Naveen
79%
Tarzan Jane Porter
77%
Ariel Prince Eric
75%
Bianca Bernard
74%
Cendrillon Prince Charmant
73%
Lady Clochard
70%
Hercule Mégara
69%
John Smith Pocahontas
69%
Musafa Sarabi
68%
Thomas O'Malley Duchesse
66%
Peter Pan Lily la Tigresse
62%
Pongo Perdita
62%
Robin des Bois Belle Marianne
60%
Belle Prince Adam
60%
Kovu Kiara
50%
Blanche Neige Prince Charmant
49%
Capitaine Phoebus Esméralda
47%
Rox Vixy
45%
Féline Bambi
36%
Miss Bunny Panpan
32%
Pedro Madrigal Alma
25%
Pacha Chicha
24%
Bacchus Jacchus
22%
Anne Kristoff
19%
Ichabot Crane Katrina van Tassel
18%
Emmitt Mme Otterton
16%
Tic Clarice
12%
Eudora James
12%
Madeleine Quasimodo
12%
Tac Clarice
8%
Cash Dixie
8%
Muche Anda
6%
Bongo Lulubelle
6%
Dinah Pluto
5%
Bluebelle Fleur
2%
Fifi Pluto
1%
Aucun quiz correspondant
Distribution des résultats
% des personnes avec chaque résultat
Percentile par nombre de réponses
Votre historique - résultats
Vous n’avez pas pris ce quiz